| 000 | 00671nam a2200265Ia 4500 | ||
|---|---|---|---|
| 003 | OSt | ||
| 005 | 20220918174750.0 | ||
| 006 | a|||||r|||| 00| 0 | ||
| 007 | ta | ||
| 008 | 220917b |||||||| |||| 00| 0 eng d | ||
| 024 | _a14,052 | ||
| 037 | _cTextual | ||
| 040 |
_aARTS _cARTS _beng |
||
| 041 |
_2eng _aeng |
||
| 082 | _aNTv.N, L8 | ||
| 100 | _aBradby David | ||
| 245 | 0 | _aPeople's theatre | |
| 260 |
_aLondon _bCroom Helm _c1978 |
||
| 300 |
_a179p _ccm. |
||
| 500 | _aBibliography 167-69 | ||
| 650 | _aARTS | ||
| 700 |
_a McCormick John _933207 |
||
| 942 |
_hNTv.N, L8 _cTEXL _2CC |
||
| 999 |
_c154615 _d154615 |
||